000 00392 a2200169 4500
001 189334
020 _a85-7153-090-4
040 _cMagnum
100 _aChianca, Leonardo
240 1 0 _aJonas e o mundo secreto das tartarugas
_lpor
245 1 0 _aJonas e o mundo secreto das tartarugas
300 _a24
362 0 _a1996
440 1 _aRHJ
697 _aLITERATURA INFANTO
942 _cBK
999 _c189334
_d189334